000 00550cam a22002052 4500
001 0000003061
005 20170406114723.0
008 140505s xx 000 0 eng d
020 _c$
040 _aYour Holding Symbol
_cYour Holding Symbol
100 1 _aKatz,Alexander.
245 1 4 _aThe taxpayer's guide.
250 _a ed.
260 _aChinoyi street :
_bManhattan publications,
_c1990.
300 _a73 p. ;
_c cm.
504 _aindex.
650 0 _atax.
908 _a140505
999 _c2941
_d2941